Statistics for World tour teams Cycling

Click here to take the quiz!

General Stats

  • This quiz has been taken 341 times
    (334 since last reset)
  • The average score is 11 of 18

Answer Stats

Hint Answer % Correct
KAZAstana
94%
GBSKY
93%
FRAAG2R La Mondiale
79%
USABMC
78%
SPAMovistar
76%
BELQuick-Step Floors
71%
NETLotto-Jumbo
68%
BELLotto-Soudal
67%
FRAFDJ
65%
BAHBahrain Merida
65%
AUSOrica-Scott
58%
USACannondale-Drapac
56%
SAFDimension Data
51%
GERBORA-Hansgrohe
51%
GERSunweb
48%
USATrek-Segafredo
38%
SWIKatusha-Alpecin
20%
UAEUAE Abu Dhabi
7%

Score Distribution

Percentile by Number Answered

Percent of People with Each Score

Your Score History

You have not taken this quiz since the last reset